|
|
|
|
| LEADER |
00000cam a2200000 7i4500 |
| 001 |
0000007942 |
| 002 |
000008518 |
| 005 |
20000330.0 |
| 020 |
|
|
|a 0861636848
|
| 090 |
0 |
0 |
|a JF
|b BLY
|
| 100 |
1 |
|
|a Blyton, Enid
|
| 245 |
1 |
0 |
|a Five go off in caravan
|c illustrated by Jolyne Knox
|
| 260 |
|
|
|a London :
|b Award Publications ,
|c 1985
|
| 300 |
|
|
|a 171p. :
|b ill. ;
|c 17cm.
|
| 490 |
0 |
|
|a Famous Five
|
| 650 |
0 |
0 |
|a Children's stories
|
| 700 |
1 |
|
|a Knox, Jolyne ,
|e illustrated
|
| 999 |
|
|
|a 041217
|b BUKU
|c PINJAMAN
|e PERPUSTAKAAN KOMUNITI PETALING JAYA
|
| 999 |
|
|
|a 041218
|b BUKU
|c JUNIOR FICTION
|e PERPUSTAKAAN KOMUNITI PETALING JAYA
|
| 999 |
|
|
|a 056981
|b BUKU
|c PINJAMAN
|e PERPUSTAKAAN KOMUNITI PETALING JAYA
|
| 999 |
|
|
|a 056982
|b BUKU
|c PINJAMAN
|e PERPUSTAKAAN KOMUNITI PETALING JAYA
|
| 999 |
|
|
|a 056983
|b BUKU
|c PINJAMAN
|e PERPUSTAKAAN KOMUNITI PETALING JAYA
|